00518nam a2200205 a 4500001001300000003000900013005001700022008004100039020000900080082001500089100002000104245002200124260004800146300000900194500003500203505001200238650002300250650001900273700002000292nice12345678IN_TiNIC20260116013719.0050524s1996 dela grp 000 0 urd  ac7000a297.8bHAS aHasan, Al-Banna aMkujahid Ki Azan. aDelhibMarkazi Maktaba Jamat-E-Islamic1996 a376p aincludes index and biblioraphy2 aIndexes aIkhwanul-Muslimeen aHasan-Al-Banna1 aHasan, Al-Banna